000
00244nam a2200097Ia 4500
001
682954
005
20250826161428.0
008
250824s9999 xx 000 0 und d
245
0
_a
SARAYIN KUTSALLARI
_c
TALHA UĞURLUEL
260
_b
TİMAŞ YAYINLARI
999
_c
682954
_d
682954